Statistics for Kanji Quiz

Click here to take the quiz!

General Stats

  • This quiz has been taken 1,830 times
  • The average score is 40 of 60

Answer Stats

KanjiEnglish% Correct
I
90%
Day
89%
I
89%
Fire
86%
Moon
86%
Mountain
85%
Person
85%
Water
85%
Tree
82%
River
81%
1
80%
2
80%
3
80%
10
79%
4
79%
5
79%
6
79%
7
79%
8
79%
9
79%
Big
77%
Forest
76%
Small
76%
Book
75%
Child
75%
Up
74%
Down
73%
100
72%
1000
71%
10000
70%
Left
70%
Right
70%
Year
70%
Country
69%
Female
69%
White
69%
Fish
67%
Male
66%
Gold
65%
Red
61%
Black
60%
Love
60%
Love
60%
Blue
59%
Horse
59%
Bird
57%
Power
56%
Snow
53%
Earth
50%
Foot
48%
Before
47%
Learn
43%
Tall
42%
After
41%
Island
41%
Head
38%
Soil
38%
Cheap
34%
Point
31%
Feeling
20%

Score Distribution

Percentile by Number Answered

Percent of People with Each Score

Your Score History

You have not taken this quiz